000 00828nam a2200265Ia 4500
003 OSt
005 20221005043704.0
006 a|||||r|||| 00| 0
007 ta
008 221004b |||||||| |||| 00| 0 eng d
020 _a9780144000661 (pbk)
_cINR 150.00
024 _a41249
037 _b1644, 10/02/2019, Bright Book Service
_cTextual
040 _aCRL
_cCRL
_beng
041 _2eng
_aeng
082 _aO111,2N58x, P6
100 _aDattani Mahesh Au.
_940227
245 0 _aFinal solutions
_b stage play in three acts
260 _aGurgaon
_bPenguin Random House India
_c2006
300 _axv,76p.
_ccm.
650 _a ENGLISH LITERATURE
650 _aENGLISH DRAMA
942 _hO111,2N58x, P6
_cTEXL
_2cc
999 _c952262
_d952262